| 000 | 003500000a22001570004500 | ||
|---|---|---|---|
| 020 | _a1-55037-264-5 | ||
| 082 | 0 | 4 | _aB B151m |
| 100 | 1 | _aBailey, Debbie | |
| 245 | 1 | 0 | _aMi mamá / Debbie Bailey |
| 260 | _aCanada : Annick Press Ltd. | ||
| 300 | _a[12 p.] | ||
| 440 | 0 | _aCol. \ Hablemos | |
| 500 | _aTexto pasta dura | ||
| 001 | 490 | ||
| 942 | _cLGB | ||
| 999 |
_c47705 _d47705 |
||